[Event "ICS rated blitz match"]
[Site "204.178.125.65"]
[Date "2000.05.06"]
[Round "?"]
[White "Hossa"]
[Black "HLP"]
[Result "1-0"]
[WhiteElo "2478"]
[BlackElo "2399"]
[PlyCount "59"]
[EventDate "2000.??.??"]

1. e4 c5 2. c3 Nf6 3. e5 Nd5 4. d4 cxd4 5. Nf3 e6 6. cxd4 d6 7. Nc3 Be7 8. exd6
Qxd6 9. Bd3 Nc6 10. O-O O-O 11. Be3 b6 12. Nxd5 exd5 13. Re1 Be6 14. Qc2 g6 15.
Bh6 Rfc8 16. Qd2 Qb4 17. Ba6 Qxd2 18. Bxd2 Rc7 19. Bf4 Rd7 20. Bb5 Rc8 21. Rac1
Bd6 22. Rxc6 Rxc6 23. Bxc6 Bxf4 24. Rxe6 Rc7 25. Re8+ Kg7 26. Bxd5 Rc2 27. Re7
Rxb2 28. Rxf7+ Kh6 29. g4 a5 30. Rxf4 {HLP resigns} 1-0

[Event "ICS rated blitz match"]
[Site "204.178.125.65"]
[Date "2000.05.06"]
[Round "?"]
[White "Baxpace"]
[Black "Hossa"]
[Result "1-0"]
[WhiteElo "2638"]
[BlackElo "2490"]
[PlyCount "137"]
[EventDate "2000.??.??"]

1. e4 e5 2. Nf3 Nc6 3. Bb5 a6 4. Ba4 Nf6 5. O-O Be7 6. Re1 b5 7. Bb3 d6 8. c3
O-O 9. h3 Na5 10. Bc2 c5 11. d4 Qc7 12. Na3 cxd4 13. cxd4 b4 14. Nb1 Bb7 15.
Bd3 Rac8 16. Qe2 Ra8 17. Bd2 exd4 18. Bxb4 Nc6 19. Rc1 Rfc8 20. Rc4 a5 21. Ba3
Ba6 22. Rc1 Qb6 23. Nbd2 Bb7 24. b3 Qa7 25. Bb2 Nd7 26. Bb5 Nde5 27. Rc2 Bf6
28. Rac1 Qb6 29. a3 Be7 30. Rb1 Bd8 31. Rbc1 Be7 32. Bd3 Nxd3 33. Qxd3 Bf6 34.
Nc4 Qc5 35. Ne3 Qa7 36. Nd5 Be5 37. Qb5 Ba6 38. Rxc6 Bxb5 39. Rxc8+ Be8 40.
Rxa8 Qxa8 41. Rc8 Qxc8 42. Ne7+ Kf8 43. Nxc8 d3 44. Bxe5 dxe5 45. Nb6 f6 46. a4
Bf7 47. Nd2 Ke7 48. Nbc4 Bxc4 49. Nxc4 Kd7 50. f3 Kc6 51. Nxa5+ Kc5 52. Kf2 Kb4
53. Nc6+ Kxb3 54. a5 d2 55. Ke2 Kc2 56. Nb4+ Kc1 57. Nd3+ Kc2 58. Nf2 f5 59.
exf5 e4 60. fxe4 g5 61. a6 g4 62. a7 g3 63. Nd1 Kb3 64. f6 h6 65. a8=Q Kc4 66.
Qd5+ Kb4 67. f7 Ka4 68. f8=Q h5 69. Nc3# {Hossa checkmated} 1-0

[Event "ICS rated blitz match"]
[Site "204.178.125.65"]
[Date "2000.05.06"]
[Round "?"]
[White "Hossa"]
[Black "Baxpace"]
[Result "0-1"]
[WhiteElo "2480"]
[BlackElo "2648"]
[PlyCount "130"]
[EventDate "2000.??.??"]

1. e4 e5 2. Nf3 Nc6 3. Bb5 a6 4. Ba4 Nf6 5. O-O Be7 6. Re1 b5 7. Bb3 O-O 8. d3
d6 9. a4 b4 10. Be3 Na5 11. Ba2 Nc6 12. Bb3 Be6 13. Bxe6 fxe6 14. Ng5 Qd7 15.
Nd2 Ne8 16. Ngf3 Bf6 17. Nb3 Qf7 18. Qd2 Rc8 19. a5 Be7 20. Qe2 Rd8 21. d4 exd4
22. Nfxd4 Nxd4 23. Nxd4 c5 24. Nc6 Ra8 25. Qc4 Bh4 26. g3 Bg5 27. f4 Bh6 28. g4
e5 29. Qxf7+ Rxf7 30. fxe5 Bxe3+ 31. Rxe3 Rc8 32. exd6 Rxc6 33. e5 Nxd6 34.
exd6 Rxd6 35. Re8+ Rf8 36. Rxf8+ Kxf8 37. Rf1+ Ke7 38. b3 Rd2 39. Rf2 Rd1+ 40.
Rf1 Rxf1+ 41. Kxf1 Kd6 42. Ke2 Kc6 43. g5 Kb5 44. g6 hxg6 45. Kf3 c4 46. Kf4
Kxa5 47. bxc4 Kb6 48. Ke4 Kc5 49. Kd3 a5 50. Kd2 Kxc4 51. Kc1 a4 52. Kb2 a3+
53. Ka2 Kc3 54. Kb1 g5 55. Kc1 a2 56. Kd1 a1=Q+ 57. Ke2 Kxc2 58. Kf3 Qf1+ 59.
Ke4 Qf4+ 60. Kd5 b3 61. Kc6 b2 62. h3 b1=Q 63. h4 Qf6+ 64. Kc5 Qbb6+ 65. Kd5
Qbd4# {Hossa checkmated} 0-1

[Event "ICS rated blitz match"]
[Site "204.178.125.65"]
[Date "2000.05.06"]
[Round "?"]
[White "DaGizza"]
[Black "Hossa"]
[Result "1/2-1/2"]
[WhiteElo "2196"]
[BlackElo "2471"]
[PlyCount "55"]
[EventDate "2000.??.??"]

1. e4 e5 2. Nf3 Nc6 3. Bc4 Nf6 4. d3 Be7 5. a4 d6 6. c3 O-O 7. b4 Bg4 8. a5 a6
9. Nbd2 d5 10. exd5 Nxd5 11. Bb2 Nf4 12. O-O Nxd3 13. Ba3 Bf5 14. Qb3 e4 15.
Nd4 Nxd4 16. cxd4 Qxd4 17. h3 Nxf2 18. Rxf2 Qxa1+ 19. Nf1 Bg6 20. Bb2 Qe1 21.
Bc3 Qc1 22. Bd2 Qa1 23. Bc3 Qc1 24. Bd2 Qa1 25. Bc3 Qc1 26. Bd2 Qa1 27. Bc3 Qc1
28. Bd2 1/2-1/2

[Event "ICS rated blitz match"]
[Site "204.178.125.65"]
[Date "2000.05.06"]
[Round "?"]
[White "cfd"]
[Black "Hossa"]
[Result "0-1"]
[WhiteElo "2306"]
[BlackElo "2467"]
[PlyCount "34"]
[EventDate "2000.??.??"]

1. d4 d5 2. e3 Nf6 3. Bd3 e6 4. Nd2 Bd6 5. f4 c5 6. c3 cxd4 7. cxd4 Nc6 8. Ngf3
O-O 9. O-O Bd7 10. Ne5 Nb4 11. Bb1 Bb5 12. Rf3 Rc8 13. a3 Nc6 14. Rh3 g6 15. g4
Qb6 16. g5 Nxd4 17. gxf6 Rxc1 {cfd resigns} 0-1

[Event "ICS rated blitz match"]
[Site "204.178.125.65"]
[Date "2000.05.06"]
[Round "?"]
[White "Hossa"]
[Black "cfd"]
[Result "1/2-1/2"]
[WhiteElo "2476"]
[BlackElo "2297"]
[PlyCount "121"]
[EventDate "2000.??.??"]

1. e4 d6 2. d4 e5 3. Nf3 Nd7 4. Nc3 Be7 5. Bb5 c6 6. Be2 Ngf6 7. O-O O-O 8.
dxe5 dxe5 9. a3 Qc7 10. Bd2 Nc5 11. Ng5 h6 12. b4 hxg5 13. bxc5 Nd7 14. Qc1
Nxc5 15. Bxg5 Bxg5 16. Qxg5 Be6 17. Rad1 Rfd8 18. Qh5 b5 19. Qg5 f6 20. Qe3 Qb6
21. Bh5 Bf7 22. Bxf7+ Kxf7 23. Rxd8 Rxd8 24. g3 Ne6 25. Qc1 Qc5 26. Qb2 Qc4 27.
Qb4 Rd4 28. Qa5 Qc5 29. Re1 Qb6 30. Qxb6 axb6 31. Na2 Rc4 32. c3 c5 33. h4 Ra4
34. Rd1 Ke7 35. Kf1 Rxa3 36. Rd2 Rb3 37. Ke2 Rb1 38. Rd1 Rxd1 39. Kxd1 Nd8 40.
Kc2 Nb7 41. f3 Nd6 42. Nc1 Nc4 43. h5 Ke6 44. Nd3 f5 45. Nf2 Nd6 46. exf5+ Kxf5
47. Kd1 e4 48. Ke2 exf3+ 49. Kxf3 b4 50. cxb4 cxb4 51. g4+ Kf6 52. Ke3 b3 53.
Kd3 Kg5 54. Kc3 Nf7 55. Kxb3 Ne5 56. Kb4 Nxg4 57. Ne4+ Kxh5 58. Ng3+ Kh4 59.
Nf5+ Kg5 60. Nxg7 b5 61. Kxb5 1/2-1/2

[Event "ICS rated blitz match"]
[Site "204.178.125.65"]
[Date "2000.05.06"]
[Round "?"]
[White "Hossa"]
[Black "DaGizza"]
[Result "1-0"]
[WhiteElo "2468"]
[BlackElo "2232"]
[PlyCount "31"]
[EventDate "2000.??.??"]

1. e4 d6 2. d4 e6 3. Nf3 Nf6 4. Nc3 Be7 5. Bg5 O-O 6. e5 Nfd7 7. Bxe7 Qxe7 8.
Bd3 a6 9. exd6 cxd6 10. O-O f5 11. Re1 Nf6 12. Bxf5 Nh5 13. Nd5 Qf7 14. Ng5 Qe8
15. Bxh7+ Kh8 16. Nc7 {DaGizza resigns} 1-0

[Event "ICS rated blitz match"]
[Site "204.178.125.65"]
[Date "2000.05.06"]
[Round "?"]
[White "DaGizza"]
[Black "Hossa"]
[Result "0-1"]
[WhiteElo "2216"]
[BlackElo "2470"]
[PlyCount "30"]
[EventDate "2000.??.??"]

1. e4 e5 2. Nf3 Nc6 3. d4 exd4 4. Nxd4 Nf6 5. Nc3 Bb4 6. f3 O-O 7. Be3 d5 8.
Nxc6 bxc6 9. e5 Re8 10. f4 Ne4 11. Qd3 Bf5 12. g4 Qh4+ 13. Bf2 Qxf2+ 14. Kd1
Nxc3+ 15. Qxc3 Bxc3 {DaGizza resigns} 0-1

[Event "ICS rated blitz match"]
[Site "204.178.125.65"]
[Date "2000.05.06"]
[Round "?"]
[White "Baxpace"]
[Black "Hossa"]
[Result "1-0"]
[WhiteElo "2657"]
[BlackElo "2476"]
[PlyCount "91"]
[EventDate "2000.??.??"]

1. e4 e5 2. Nf3 Nc6 3. Bb5 a6 4. Ba4 Nf6 5. O-O Be7 6. Re1 b5 7. Bb3 O-O 8. c3
d6 9. h3 Be6 10. d4 Bxb3 11. axb3 exd4 12. cxd4 d5 13. e5 Nd7 14. Nc3 Nb6 15.
Bf4 Qd7 16. Qd3 Nb4 17. Qd2 Ra7 18. Ng5 Bxg5 19. Bxg5 Re8 20. Bh4 a5 21. Re3 c6
22. Rg3 Kh8 23. Bf6 Qf5 24. Bxg7+ Kg8 25. Bf8+ Qg6 26. Bxb4 axb4 27. Rxa7 Nc8
28. Rxg6+ hxg6 29. Ra8 bxc3 30. Qxc3 Rf8 31. Qxc6 Ne7 32. Rxf8+ Kxf8 33. Qxb5
Nf5 34. Qxd5 Kg8 35. Qd8+ Kg7 36. d5 Nd4 37. Qf6+ Kg8 38. e6 fxe6 39. d6 Nc6
40. Qxe6+ Kh7 41. Qd7+ Kg8 42. Qxc6 g5 43. d7 Kf7 44. d8=Q Kg7 45. Qcf6+ Kh7
46. Qdh8# {Hossa checkmated} 1-0

[Event "ICS rated blitz match"]
[Site "204.178.125.65"]
[Date "2000.05.06"]
[Round "?"]
[White "cfd"]
[Black "Hossa"]
[Result "0-1"]
[WhiteElo "2282"]
[BlackElo "2468"]
[PlyCount "80"]
[EventDate "2000.??.??"]

1. d4 d5 2. e3 Nf6 3. Bd3 e6 4. Nd2 Bd6 5. f4 c5 6. c3 cxd4 7. cxd4 Nc6 8. a3
Bd7 9. Ngf3 Ng4 10. Qe2 f6 11. O-O O-O 12. b4 Qc7 13. Bb2 e5 14. h3 e4 15. hxg4
exd3 16. Qxd3 Bxg4 17. Rac1 Qf7 18. Nb3 Rfe8 19. Nc5 Qe7 20. Rfe1 Bxf3 21. gxf3
Bxc5 22. dxc5 Qd7 23. Kf2 Qf7 24. Rh1 g6 25. Rcg1 d4 26. e4 Qa2 27. Qb1 Qb3 28.
e5 Qe3+ 29. Kg3 fxe5 30. f5 e4 31. fxg6 Qxf3+ 32. Kh2 Qf4+ 33. Kh3 Qf5+ 34. Kh2
Qh5+ 35. Kg2 Qe2+ 36. Kh3 hxg6 37. Rxg6+ Kf7 38. Rh6 Qf3+ 39. Kh2 Qf4+ 40. Kg1
Rg8+ {cfd resigns} 0-1

[Event "ICS rated standard match"]
[Site "204.178.125.65"]
[Date "2000.05.06"]
[Round "?"]
[White "DaGizza"]
[Black "Hossa"]
[Result "0-1"]
[WhiteElo "2096"]
[BlackElo "2372"]
[PlyCount "50"]
[EventDate "2000.??.??"]

1. e4 e5 2. Bc4 Nf6 3. d3 Nc6 4. Nf3 Bc5 5. O-O d6 6. Nc3 Bg4 7. h3 Bxf3 8.
Qxf3 Nd4 9. Qd1 c6 10. Ne2 Nxe2+ 11. Qxe2 a5 12. Bg5 b5 13. d4 Bxd4 14. c3 Bb6
15. Bxb5 cxb5 16. Bxf6 gxf6 17. Qxb5+ Ke7 18. Rad1 Rb8 19. Qd5 Bc5 20. Rd2 Rg8
21. Kh2 Qd7 22. f4 exf4 23. e5 fxe5 24. Rxf4 exf4 25. Re2+ Kd8 {DaGizza resigns
} 0-1

[Event "ICS rated blitz match"]
[Site "204.178.125.65"]
[Date "2000.05.06"]
[Round "?"]
[White "Hossa"]
[Black "being"]
[Result "1-0"]
[WhiteElo "2476"]
[BlackElo "2061"]
[PlyCount "53"]
[EventDate "2000.??.??"]

1. e4 c5 2. Nf3 Nc6 3. d4 cxd4 4. Nxd4 g6 5. Nc3 Bg7 6. Be3 Nf6 7. Bc4 O-O 8.
Bb3 a5 9. f3 d5 10. Bxd5 Nxd5 11. exd5 Nb4 12. Nde2 Bf5 13. Rc1 b5 14. O-O Rc8
15. Nd4 Rxc3 16. bxc3 Nxa2 17. Nxf5 gxf5 18. Ra1 Nxc3 19. Qd3 Qxd5 20. Rxa5
Qxd3 21. cxd3 Rb8 22. Re1 b4 23. Kf1 b3 24. Ba7 Rb7 25. Be3 b2 26. Ra8+ Bf8 27.
Bh6 {being resigns} 1-0

[Event "ICS rated standard match"]
[Site "204.178.125.65"]
[Date "2000.05.06"]
[Round "?"]
[White "JORDI100"]
[Black "Hossa"]
[Result "0-1"]
[WhiteElo "1987"]
[BlackElo "2373"]
[PlyCount "66"]
[EventDate "2000.??.??"]

1. f4 d5 2. Nf3 Nf6 3. e3 Bg4 4. b3 e6 5. Bb5+ Nbd7 6. Bxd7+ Nxd7 7. Bb2 f6 8.
O-O Bc5 9. h3 Bh5 10. Qe1 O-O 11. Nc3 c6 12. Ne2 Qe7 13. Ng3 Bg6 14. d3 e5 15.
f5 Bf7 16. Kh1 Rfe8 17. e4 Red8 18. a3 Bb6 19. b4 c5 20. c3 c4 21. dxc4 dxc4
22. Bc1 Nf8 23. Be3 Bxe3 24. Qxe3 Rd3 25. Qc1 Rad8 26. Ne2 Bh5 27. g4 Be8 28.
Qc2 Re3 29. Rad1 Rxd1 30. Qxd1 Bc6 31. Kg2 Bxe4 32. Ng3 Bc6 33. Rf2 Rxc3 {
JORDI100 resigns} 0-1

[Event "ICS rated blitz match"]
[Site "204.178.125.65"]
[Date "2000.05.06"]
[Round "?"]
[White "Hossa"]
[Black "JZInsomniac"]
[Result "0-1"]
[WhiteElo "2479"]
[BlackElo "2323"]
[PlyCount "90"]
[EventDate "2000.??.??"]

1. e4 c5 2. Nf3 d6 3. d4 cxd4 4. Nxd4 Nf6 5. Nc3 Nc6 6. Be3 Ng4 7. Bb5 Nxe3 8.
fxe3 Bd7 9. O-O e6 10. Qd2 Be7 11. Rad1 O-O 12. Qf2 Bf6 13. a3 a6 14. Ba4 Qb6
15. Bb3 Na5 16. Rc1 Nxb3 17. cxb3 Bxd4 18. exd4 Qxb3 19. Rc2 f5 20. e5 Rad8 21.
exd6 Bc6 22. Re2 Rxd6 23. Rd2 Rfd8 24. Qe3 Bb5 25. Rf4 Bc4 26. g4 g6 27. gxf5
exf5 28. Qe7 Qb6 29. Na4 Qc6 30. Nc5 g5 31. Rf1 Bxf1 32. Ne6 Rxe6 33. Qxd8+ Kg7
34. d5 Qc5+ 35. Kh1 Bd3 36. Qxg5+ Rg6 37. Qxg6+ hxg6 38. Rxd3 Qc1+ 39. Kg2 Qc2+
40. Kg1 Qxd3 41. a4 f4 42. h4 Qg3+ 43. Kf1 f3 44. b3 Qg2+ 45. Ke1 Qe2# {
Hossa checkmated} 0-1

[Event "ICS rated standard match"]
[Site "204.178.125.65"]
[Date "2000.05.06"]
[Round "?"]
[White "Hossa"]
[Black "Greek-Cypriot"]
[Result "0-1"]
[WhiteElo "2376"]
[BlackElo "2200"]
[PlyCount "198"]
[EventDate "2000.??.??"]

1. e4 d5 2. exd5 Qxd5 3. Nc3 Qa5 4. d4 Nf6 5. Nf3 Bf5 6. Bd2 c6 7. Bc4 Qc7 8.
Ne2 Nbd7 9. Bf4 Qa5+ 10. c3 Nd5 11. Ne5 e6 12. Nxd7 Nxf4 13. Nxf4 Kxd7 14. g4
Be4 15. f3 Bd5 16. Bxd5 cxd5 17. Nd3 Bd6 18. f4 Rac8 19. O-O f6 20. Re1 Rhe8
21. g5 Qa6 22. Qf3 Qc4 23. Qh3 h6 24. g6 Qb5 25. Re2 Qa6 26. Rae1 f5 27. a3 Qb6
28. Qf3 Qb5 29. Re3 b6 30. R3e2 a6 31. Kh1 a5 32. Kg1 Ra8 33. Re3 Rad8 34. Qh3
Qc6 35. Qf1 Rc8 36. Qe2 Bb8 37. Kh1 Re7 38. b4 Rce8 39. bxa5 bxa5 40. Qc2 Kc8
41. R3e2 Bd6 42. a4 Kd7 43. Kg1 Rc8 44. Re3 Qb6 45. R1e2 Rc4 46. Kg2 Re8 47.
Qc1 Rxa4 48. Qe1 Qc7 49. Rxe6 Rxe6 50. Rxe6 Ra2+ 51. Kh1 Ra3 52. Re3 Kc8 53.
Nf2 Rb3 54. Re8+ Kb7 55. Qe6 Qxc3 56. Qd7+ Qc7 57. Qxf5 Rb5 58. Nd3 Rb1+ 59.
Kg2 Qc2+ 60. Kh3 Ka7 61. Re3 Qc6 62. Qf7+ Rb7 63. Qg8 Qc4 64. Qd8 Bc7 65. Qc8
Qxd4 66. Rf3 a4 67. Qf8 Rb3 68. Qe7 Rxd3 69. Qxc7+ Ka6 70. Rg3 Kb5 71. Qb7+ Ka5
72. Qe7 a3 73. Qc7+ Kb4 74. Qe7+ Kb3 75. Qb7+ Kc2 76. Qa8 Qxf4 77. Qc8+ Qc4 78.
Qf8 Rxg3+ 79. hxg3 a2 80. Qf2+ Kb3 81. Qe3+ Qc3 82. Qb6+ Kc2 83. Qf2+ Qd2 84.
Qc5+ Kd1 85. Qg1+ Ke2 86. Qa1 d4 87. Qh1 Qd1 88. Qg2+ Ke3 89. Qxa2 Qh5+ 90. Kg2
Qe2+ 91. Qxe2+ Kxe2 92. g4 d3 93. Kg3 Ke3 94. g5 d2 95. Kg4 d1=Q+ 96. Kf5 Qd5+
97. Kg4 Qxg5+ 98. Kh3 Kf2 99. Kh2 Qg2# {Hossa checkmated} 0-1

[Event "ICS rated blitz match"]
[Site "204.178.125.65"]
[Date "2000.05.06"]
[Round "?"]
[White "TuHoang"]
[Black "Hossa"]
[Result "1/2-1/2"]
[WhiteElo "2391"]
[BlackElo "2477"]
[PlyCount "100"]
[EventDate "2000.??.??"]

1. e4 e5 2. Nf3 Nc6 3. Bc4 Bc5 4. c3 Nf6 5. d3 d6 6. O-O O-O 7. h3 Be6 8. Bb3
Bxb3 9. Qxb3 Qc8 10. Bg5 Nh5 11. Nbd2 h6 12. Be3 Bxe3 13. fxe3 Ng3 14. Rf2 Na5
15. Qa4 Nc6 16. Kh2 Nh5 17. Raf1 Qe6 18. Nh4 Nf6 19. Nf5 Nd7 20. a3 Nc5 21. Qc2
Qe8 22. d4 Nd7 23. Rf3 Ne7 24. Ng3 Nf6 25. Rxf6 gxf6 26. Nh5 Qd8 27. Nxf6+ Kg7
28. Qd1 c6 29. Qh5 Qc7 30. Ng4 Ng8 31. Rf6 Rfe8 32. Rxh6 Kf8 33. Rh7 Re6 34. d5
Rf6 35. Nf3 cxd5 36. exd5 Re8 37. Ng5 Rf1 38. e4 Re7 39. Rh8 Re8 40. Qh7 Ke7
41. Rxg8 Rxg8 42. Qxg8 Qb6 43. Nf3 Qxb2 44. Qg5+ Ke8 45. Qf6 Qc1 46. Ngxe5 dxe5
47. Qxe5+ Kf8 48. Qh8+ Ke7 49. Qe5+ Kf8 50. Qh8+ Ke7 1/2-1/2

[Event "ICS rated blitz match"]
[Site "204.178.125.65"]
[Date "2000.05.06"]
[Round "?"]
[White "Hossa"]
[Black "oblivax"]
[Result "1-0"]
[WhiteElo "2473"]
[BlackElo "2115"]
[PlyCount "85"]
[EventDate "2000.??.??"]

1. e4 e6 2. d4 d5 3. Nc3 Bb4 4. e5 c5 5. a3 Bxc3+ 6. bxc3 Ne7 7. Qg4 Qc7 8.
Qxg7 Rg8 9. Qxh7 cxd4 10. Ne2 Nbc6 11. f4 Bd7 12. Qd3 dxc3 13. Qxc3 a6 14. a4
Rc8 15. h3 Nf5 16. Qb2 Na5 17. g4 Nc4 18. Qb3 Nh4 19. Ra2 Ng6 20. Nd4 f6 21.
exf6 Nxf4 22. Qf3 e5 23. Bxf4 exf4 24. Qxd5 Rf8 25. Bxc4 Qxc4 26. Qxc4 Rxc4 27.
c3 Rxc3 28. Re2+ Kd8 29. Kd2 Ra3 30. g5 Rxa4 31. Re4 Ra2+ 32. Kc3 f3 33. Rf4
Ra3+ 34. Kb2 Rd3 35. g6 Rxd4 36. g7 Rd2+ 37. Kc3 Rxf6 38. g8=Q+ Kc7 39. Rxf6
Re2 40. Qg3+ Kd8 41. Qb8+ Bc8 42. Rd1+ Ke7 43. Qd6+ {oblivax resigns} 1-0

[Event "ICS rated standard match"]
[Site "204.178.125.65"]
[Date "2000.05.06"]
[Round "?"]
[White "Akarpov"]
[Black "Hossa"]
[Result "0-1"]
[WhiteElo "2075"]
[BlackElo "2375"]
[PlyCount "55"]
[EventDate "2000.??.??"]

1. e4 e5 2. f4 exf4 3. Nf3 g5 4. Bc4 g4 5. O-O gxf3 6. Qxf3 Qf6 7. d3 Bh6 8.
Qh5 Nc6 9. Nc3 Ne5 10. Nd5 Qd6 11. Bxf4 Bxf4 12. Rxf4 c6 13. Raf1 cxd5 14. Bxd5
Ne7 15. Rxf7 Nxf7 16. Rxf7 Ng6 17. d4 Qb4 18. c4 Qxb2 19. Qd1 Rf8 20. Rxf8+
Nxf8 21. g4 Qxa2 22. c5 Qb2 23. h4 Ng6 24. Qf3 Qxd4+ 25. Kh2 Qxc5 26. Qf7+ Kd8
27. Qg8+ Kc7 28. Qxh7 {Akarpov resigns} 0-1

[Event "ICS rated standard match"]
[Site "204.178.125.65"]
[Date "2000.05.06"]
[Round "?"]
[White "Hossa"]
[Black "GreenGiant"]
[Result "1-0"]
[WhiteElo "2377"]
[BlackElo "2222"]
[PlyCount "51"]
[EventDate "2000.??.??"]

1. e4 e5 2. Nf3 Nc6 3. Nc3 Nf6 4. Nxe5 Nxe5 5. d4 Ng6 6. e5 Ng8 7. Bc4 Bb4 8.
Qf3 Bxc3+ 9. bxc3 Qe7 10. O-O h5 11. Ba3 Nh4 12. Qg3 Nf5 13. Bxe7 Nxg3 14. fxg3
Nxe7 15. Bxf7+ Kd8 16. Bxh5 d6 17. exd6 Rxh5 18. Rf8+ Kd7 19. dxe7 Kxe7 20.
Raf1 Ra5 21. R1f7+ Kd6 22. Rxg7 Rxa2 23. c4 Rxc2 24. Rd8+ Kc6 25. Rg6+ Be6 26.
Rxe6# 1-0

[Event "ICS rated standard match"]
[Site "204.178.125.65"]
[Date "2000.05.06"]
[Round "?"]
[White "GreenGiant"]
[Black "Hossa"]
[Result "1-0"]
[WhiteElo "2213"]
[BlackElo "2386"]
[PlyCount "143"]
[EventDate "2000.??.??"]

1. d4 d5 2. c4 c6 3. Nf3 Nf6 4. Nc3 e6 5. Bg5 dxc4 6. e4 b5 7. e5 h6 8. Bh4 g5
9. Nxg5 hxg5 10. Bxg5 Nbd7 11. g3 Bb7 12. Bg2 Qb6 13. exf6 O-O-O 14. O-O Ne5
15. dxe5 Rxd1 16. Raxd1 b4 17. Ne4 Qa5 18. Bf4 c3 19. bxc3 bxc3 20. Ng5 Qc7 21.
Rc1 Bb4 22. a3 Bxa3 23. Rxc3 Bb2 24. Rb3 Bd4 25. Rfb1 Bb6 26. Ne4 Ba6 27. Nd6+
Kb8 28. Be3 c5 29. h4 Rh5 30. f4 Rh6 31. Rxb6+ axb6 32. Ra1 Qa7 33. Bf1 b5 34.
Bxb5 Bxb5 35. Rxa7 Kxa7 36. Nxb5+ Kb6 37. Nd6 Rh7 38. Kg2 Kc6 39. Kf3 Kd5 40.
Ne4 Rh8 41. Nxc5 Kc6 42. Ne4 Rd8 43. Ng5 Rf8 44. h5 Kc7 45. g4 Kc6 46. h6 Kd7
47. Ne4 Rh8 48. g5 Ke8 49. Nd6+ Kf8 50. Kg4 Kg8 51. Kh5 Rh7 52. Bc5 Rh8 53. Bb6
Rh7 54. Bd8 Kf8 55. Be7+ Kg8 56. Nb5 Kh8 57. Bf8 Kg8 58. Bg7 Rxh6+ 59. Bxh6 Kh7
60. Nd6 Kg8 61. Nxf7 Kxf7 62. g6+ Ke8 63. f7+ Kd7 64. f8=Q Kc6 65. Qd8 Kb5 66.
g7 Kc5 67. g8=Q Kb5 68. f5 Kc5 69. Qf7 Kb5 70. Qfc7 Ka4 71. Qdb8 Ka3 72. Qca7#
{Hossa checkmated} 1-0

[Event "ICS rated blitz match"]
[Site "204.178.125.65"]
[Date "2000.05.06"]
[Round "?"]
[White "Hossa"]
[Black "SuperChicken"]
[Result "0-1"]
[WhiteElo "2477"]
[BlackElo "2666"]
[PlyCount "104"]
[EventDate "2000.??.??"]

1. e4 e5 2. Nf3 Nc6 3. Nc3 Bb4 4. a3 Bxc3 5. dxc3 Nf6 6. Bg5 h6 7. Bxf6 Qxf6 8.
Bb5 a6 9. Bxc6 dxc6 10. Nd2 Be6 11. O-O O-O-O 12. Qe2 Rd7 13. Rad1 Rhd8 14.
Rfe1 Qf4 15. g3 Qg4 16. f3 Qg5 17. f4 exf4 18. Nf3 Qc5+ 19. Rd4 fxg3 20. hxg3
Kb8 21. Red1 Bg4 22. Qf2 Rxd4 23. Rxd4 Bd7 24. b4 Qh5 25. e5 Qf5 26. Rf4 Qe6
27. Nd4 Qxe5 28. Rxf7 Be8 29. Rf8 h5 30. a4 Qe7 31. Rh8 Qe5 32. Rf8 Qd6 33. Rg8
c5 34. bxc5 Qe5 35. c6 b6 36. a5 bxa5 37. Rf8 a4 38. Rf5 Qe4 39. Rf4 Qg6 40.
Qg2 a3 41. Rf1 a2 42. Ra1 Bf7 43. Qh2 Bd5 44. Qh4 Rd6 45. Qf4 Rf6 46. Qe5 Qf7
47. Qg5 h4 48. g4 Rf2 49. c4 Rg2+ 50. Kh1 Rh2+ 51. Kxh2 Qf2+ 52. Kh3 Qg3# {
Hossa checkmated} 0-1

[Event "ICS rated blitz match"]
[Site "204.178.125.65"]
[Date "2000.05.06"]
[Round "?"]
[White "flytox"]
[Black "Hossa"]
[Result "0-1"]
[WhiteElo "2122"]
[BlackElo "2469"]
[PlyCount "74"]
[EventDate "2000.??.??"]

1. e4 e5 2. Nf3 Nc6 3. Bb5 a6 4. Ba4 Nf6 5. O-O Be7 6. Re1 b5 7. Bb3 O-O 8. d4
exd4 9. e5 Ne8 10. Bd5 Rb8 11. Nxd4 Bb7 12. Nxc6 dxc6 13. Bf3 a5 14. Bf4 Bb4
15. c3 Be7 16. Nd2 a4 17. a3 Qd3 18. Nf1 Qf5 19. Bg3 Rd8 20. Qe2 Qc8 21. Rad1
Bg5 22. Rxd8 Qxd8 23. Rd1 Qa8 24. h4 Bh6 25. Ne3 Bxe3 26. Qxe3 Qc8 27. Qc5 f6
28. exf6 Rxf6 29. Be5 Qf5 30. Rd8 Re6 31. Bd4 Re1+ 32. Kh2 Qf4+ 33. g3 Qxf3 34.
Rxe8+ Rxe8 35. Qg5 g6 36. Qh6 Re7 37. Qg5 c5 {flytox resigns} 0-1

[Event "ICS rated blitz match"]
[Site "204.178.125.65"]
[Date "2000.05.06"]
[Round "?"]
[White "flytox"]
[Black "Hossa"]
[Result "0-1"]
[WhiteElo "2107"]
[BlackElo "2484"]
[PlyCount "60"]
[EventDate "2000.??.??"]

1. e4 e5 2. Nf3 Nc6 3. Bb5 a6 4. Ba4 Nf6 5. O-O Be7 6. Re1 b5 7. Bb3 d6 8. c3
O-O 9. h3 Bb7 10. d4 Re8 11. Nbd2 Bf8 12. dxe5 Nxe5 13. Nxe5 dxe5 14. Qe2 Bd6
15. a4 Re7 16. axb5 axb5 17. Rxa8 Qxa8 18. Qxb5 Ba6 19. Qa5 Qb7 20. Bc2 Re8 21.
Nf1 Bxf1 22. Rxf1 Ra8 23. Qxa8+ Qxa8 24. Re1 Qa2 25. Kh1 Nd7 26. Bd3 Nc5 27.
Bf1 Qa1 28. Bc4 Nxe4 29. Rxe4 Qxc1+ 30. Kh2 Qxb2 {flytox resigns} 0-1

[Event "ICS rated blitz match"]
[Site "204.178.125.65"]
[Date "2000.05.06"]
[Round "?"]
[White "Hossa"]
[Black "cfd"]
[Result "1-0"]
[WhiteElo "2487"]
[BlackElo "2266"]
[PlyCount "94"]
[EventDate "2000.??.??"]

1. e4 d6 2. d4 e5 3. Nf3 Nd7 4. Nc3 Be7 5. Bb5 c6 6. Be2 Ngf6 7. O-O O-O 8.
dxe5 dxe5 9. a3 Qc7 10. Bd2 Nc5 11. Ng5 h6 12. b4 hxg5 13. bxc5 Nd7 14. Qc1
Nxc5 15. Bxg5 Bxg5 16. Qxg5 Be6 17. Rad1 Rfd8 18. Qh5 b5 19. Qg5 f6 20. Qe3 Qb6
21. Bh5 Bf7 22. Bxf7+ Kxf7 23. Rxd8 Rxd8 24. g3 Ne6 25. Qc1 Qc5 26. Qb2 Qc4 27.
Qb4 Rd4 28. Qa5 Qc5 29. Re1 Qb6 30. Qxb6 axb6 31. Na2 Ra4 32. Nb4 Nd4 33. Ra1
c5 34. Nd5 b4 35. Ra2 Rxa3 36. Rb2 b5 37. Kg2 Ke6 38. g4 Kd6 39. Ne3 Rc3 40.
Ra2 g6 41. Ra6+ Nc6 42. h4 Ra3 43. Rb6 b3 44. cxb3 Rxb3 45. h5 gxh5 46. gxh5 b4
47. h6 Kc7 {cfd resigns} 1-0

[Event "ICS rated blitz match"]
[Site "204.178.125.65"]
[Date "2000.05.06"]
[Round "?"]
[White "flytox"]
[Black "Hossa"]
[Result "0-1"]
[WhiteElo "2096"]
[BlackElo "2494"]
[PlyCount "74"]
[EventDate "2000.??.??"]

1. e4 e5 2. Nf3 Nc6 3. Bb5 a6 4. Ba4 Nf6 5. O-O Be7 6. Re1 b5 7. Bb3 d6 8. c3
O-O 9. h3 Bb7 10. d4 Re8 11. Nbd2 Bf8 12. Bc2 g6 13. Nf1 exd4 14. cxd4 Nb4 15.
Bb1 Bxe4 16. Bxe4 Nxe4 17. a3 Nd5 18. Qb3 Ndf6 19. Be3 Re7 20. Rac1 c5 21. dxc5
dxc5 22. Rcd1 Qc7 23. N1d2 Rae8 24. Nxe4 Nxe4 25. Rd5 Bg7 26. Red1 c4 27. Qc2
f5 28. Bd4 Bxd4 29. R5xd4 Ng5 30. Rd6 Nxf3+ 31. gxf3 Re1+ 32. Kg2 R1e2 33. Qc3
Qc5 34. R1d4 f4 35. Qa5 Qg5+ 36. Kf1 Qh4 37. Qe1 Qxh3+ {flytox resigns} 0-1

[Event "ICS rated blitz match"]
[Site "204.178.125.65"]
[Date "2000.05.06"]
[Round "?"]
[White "Hossa"]
[Black "cfd"]
[Result "1-0"]
[WhiteElo "2503"]
[BlackElo "2270"]
[PlyCount "53"]
[EventDate "2000.??.??"]

1. e4 d6 2. d4 e5 3. Nf3 Nd7 4. Nc3 Be7 5. Bb5 c6 6. Be2 Ngf6 7. O-O O-O 8.
dxe5 dxe5 9. a3 Qc7 10. Bd2 Nc5 11. Ng5 h6 12. b4 hxg5 13. bxc5 Nd7 14. Qc1
Nxc5 15. Bxg5 Bxg5 16. Qxg5 Be6 17. Rad1 Rfd8 18. Qh5 f6 19. Bd3 b5 20. f4 Bf7
21. Qf5 Rd4 22. Be2 Rad8 23. Rxd4 Rxd4 24. Bh5 Bxh5 25. Qxh5 Qd6 26. fxe5 Qxe5
27. Rf5 {cfd resigns} 1-0

[Event "ICS rated standard match"]
[Site "204.178.125.65"]
[Date "2000.05.07"]
[Round "?"]
[White "Hossa"]
[Black "MestreDosMagos"]
[Result "1-0"]
[WhiteElo "2363"]
[BlackElo "2239"]
[PlyCount "36"]
[EventDate "2000.??.??"]

1. e4 e5 2. Nf3 Nc6 3. Nc3 Nf6 4. Nxe5 Nxe5 5. d4 Ng6 6. e5 Ng8 7. Bc4 d6 8.
Qf3 Qd7 9. O-O dxe5 10. dxe5 c6 11. Re1 Qc7 12. Bg5 Be6 13. Bxe6 fxe6 14. Rad1
h6 15. Bc1 Rb8 16. Ne4 Qf7 17. Qb3 Be7 18. Rd6 Bxd6 1-0